| 000 | 00849nam0a2200265 4500 | ||
|---|---|---|---|
| 001 | RU\NLR\BIBL_A\011900058 | ||
| 005 | 20250626145512.0 | ||
| 010 | _98000 | ||
| 035 | _a(NLR Aleph) 011900058 | ||
| 090 |
_a13420200 _c13420200 |
||
| 100 | _a20181224d1987 |||y0rusy50 ca | ||
| 101 | 0 | _aaze | |
| 102 | _aAZ | ||
| 105 | _ay z 000 y | ||
| 200 | 1 |
_aТәjjарәчинин геjдләри _fЗүлеjха Сеjидмәммәдова |
|
| 210 |
_aБакы _cҜәнҹлик _d1987 |
||
| 215 |
_a120 с. _d17 |
||
| 541 | 1 | _aЗаписки летчицы | |
| 686 | 1 | _aШ6(2=Аз)7-4 | |
| 700 | 1 |
_aСеjидмәммәдова _bЗ. _gЗүлеjха Һәбиб гызы _4070 |
|
| 790 | 1 |
_aСеидмамедова _bЗ. Г. _gЗулейха Габиб кызы _4070 |
|
| 852 |
_aNLR _bОНЛ _jАзерб./2-21911 |
||
| 942 | _cBOOK | ||
| 980 | _aNB | ||